| 000 | 00652nam a2200241Ia 4500 | ||
|---|---|---|---|
| 005 | 20260121113221.0 | ||
| 008 | 12237 260114s9999 xx 000 0 eng d | ||
| 020 | _a9789814541480 | ||
| 037 | _aEBOOK | ||
| 040 |
_aCRL _beng _cCRL |
||
| 041 |
_aeng _2eng |
||
| 084 | _qCRL | ||
| 100 |
_aChen Jiaer Et Al _9970096 |
||
| 245 | 0 | _aFree Electron Lasers - Proceedings of the Beijing Fel Seminar | |
| 260 | _bWorld Scientific | ||
| 260 | _bWSPC | ||
| 260 | _c1989 | ||
| 650 |
_aPhysics _9970097 |
||
| 856 | _uhttps://www.worldscientific.com/worldscibooks/10.1142/0762#t=toc | ||
| 942 | _cEBOOK | ||
| 999 |
_c1549537 _d1549537 |
||